000 01206nam a2200349 a 4500
001 00002356
003 DO-SdBPM
005 20250820112032.0
007 ta
008 090819s2006 cl 000 spa d
020 _a958615520X
040 _aDO-SdBPM
_bspa
_cBPMSU
_erda
082 4 _a813.4
_bT969a 2006
_222
100 1 _aTwain, Mark,
_c1835-1910.
_eautor
240 _aThe adventures
_hespañol
245 4 _a Las aventuras de Tom Sawyer /
_b
_cMark Twain ; traducción Doris Rolfe ; apéndice y notas María Isabel Villarino ; ilustración True W. Williams.
264 _aColombia :
_bPlan lector de educación,
_c2006
300 _a311 páginas ;
_b21 cm.
336 _atexto
_btxt
_2rdacontent
337 _asin mediación
_bn
_2rdamedia
338 _avolumen
_bnc
_0rda carrier
490 0 _a Espacio de leer
_v
590 _aInventariado, 2025/VM
650 7 _aNovela juvenil estadounidense
_ySiglo XIX
650 7 _aLiteratura juvenil estadounidense
_ySiglo XIX
650 7 _aAventuras
_vNovela juvenil
700 1 _4Chericián, David
_aprólogo
700 1 _4Rolfe, Doris
_atraductor
830 _p
_v
910 _aVMateo V. Control de calidad. BPMSU
942 _2ddc
_cBK
999 _c10634
_d10634